[Event "2BLW 1718 SV Koblenz - SC Hansa Dortmun"]
[Site "?"]
[Date "2017.11.12"]
[Round "3.2"]
[White "Fritsche, Lutz"]
[Black "Wegener, Olaf"]
[Result "0-1"]
[WhiteElo "2359"]
[BlackElo "2431"]
[PlyCount "120"]
[EventDate "2017.??.??"]

1. e4 c5 2. Nc3 d6 3. g3 Nc6 4. Bg2 g6 5. d3 Bg7 6. Nf3 Nf6 7. O-O O-O 8. Nd5
e6 9. Nxf6+ Qxf6 10. c3 Qe7 11. Re1 b6 12. d4 e5 13. d5 Nb8 14. a4 Na6 15. Be3
h6 16. Nd2 Nc7 17. Nc4 Ba6 18. Bf1 f5 19. exf5 gxf5 20. Qd2 f4 21. Bxf4 Qf6 22.
Be3 Rad8 23. Rad1 Qg6 24. Qe2 Rde8 25. Bc1 e4 26. Bg2 Rf3 27. Bf4 Rd3 28. Nxd6
Rxg3 29. hxg3 Bxe2 30. Nxe8 Bxd1 31. Nxc7 Bf3 32. d6 Qf5 33. Ne8 Bxg2 34. Kxg2
Kf7 35. Nxg7 Kxg7 36. Rd1 Qd7 37. Rd5 e3 38. fxe3 Qxa4 39. Rd2 Qc6+ 40. e4 Qd7
41. e5 Kf7 42. Bxh6 Ke6 43. Bf4 c4 44. Rd4 b5 45. g4 a5 46. Kf2 a4 47. Ke3 b4
48. cxb4 c3 49. bxc3 a3 50. Rd2 Qa7+ 51. Ke2 a2 52. d7 Qa6+ 53. Kf2 a1=Q 54.
d8=Q Q6f1+ 55. Ke3 Qae1+ 56. Kd4 Qxf4+ 57. Kc5 Qee3+ 58. Rd4 Qxc3+ 59. Kb5
Qcxd4 60. Qe8+ Kd5 0-1

[Event "2BLW 1718 SV Koblenz - SC Hansa Dortmun"]
[Site "?"]
[Date "2017.11.12"]
[Round "3.3"]
[White "Dr. Scholz, Christian"]
[Black "Kipper, Jens"]
[Result "1/2-1/2"]
[WhiteElo "2375"]
[BlackElo "2370"]
[PlyCount "41"]
[EventDate "2017.??.??"]

1. e4 e6 2. d4 d5 3. Nd2 c5 4. exd5 Qxd5 5. Ngf3 cxd4 6. Bc4 Qd6 7. O-O Nf6 8.
Nb3 Nc6 9. Nbxd4 Nxd4 10. Qxd4 Bd7 11. Re1 Qxd4 12. Nxd4 Rc8 13. Bb3 Bc5 14. c3
Bxd4 15. cxd4 Bc6 16. Bg5 Nd5 17. Rac1 O-O 18. a3 h6 19. Bxd5 Bxd5 20. Rxc8
Rxc8 21. Rc1 {(=)} 1/2-1/2

[Event "2BLW 1718 SV Koblenz - SC Hansa Dortmun"]
[Site "?"]
[Date "2017.11.12"]
[Round "3.4"]
[White "Hammes, Michael"]
[Black "Ackermann, Hans Werner"]
[Result "1-0"]
[WhiteElo "2340"]
[BlackElo "2290"]
[PlyCount "155"]
[EventDate "2017.??.??"]

1. d4 d6 2. Nf3 Nf6 3. c4 g6 4. Nc3 Bf5 5. d5 c5 6. h3 h5 7. Bg5 Bg7 8. Nd2 Nh7
9. Bh4 Qb6 10. Qc1 g5 11. Bg3 Nd7 12. e4 Bg6 13. Be2 Ne5 14. a4 Qa5 15. Ra3 Qd8
16. Nf3 Nxf3+ 17. Bxf3 a6 18. O-O Bd4 19. Ne2 Bf6 20. Qe3 Qd7 21. e5 dxe5 22.
Be4 Nf8 23. Nc1 h4 24. Bh2 g4 25. hxg4 Qxg4 26. f3 Qc8 27. Nd3 h3 28. g4 Bxe4
29. Qxe4 Ng6 30. Nxe5 Bxe5 31. Bxe5 Nxe5 32. Qxe5 f6 33. Qf4 Qd7 34. Re1 O-O-O
35. Kh2 Rh7 36. a5 Qc7 37. Qxc7+ Kxc7 38. Rae3 Kd7 39. Rb3 Kc7 40. f4 Rg8 41.
Rxh3 Rhg7 42. Rh4 b6 43. axb6+ Kxb6 44. Kg3 Ka5 45. Re6 Rb8 46. f5 Rb3+ 47. Kf4
Rd3 48. Re4 Rd2 49. Rh3 Rf2+ 50. Rf3 Rxb2 51. Ra3+ Kb4 52. Rxa6 Rd2 53. Rae6
Rd4 54. Rxd4 cxd4 55. d6 exd6 56. Rxd6 Kxc4 57. Rxf6 Rd7 58. Rh6 d3 59. Rc6+
Kd4 60. Rc1 Re7 61. f6 Re2 62. Kf5 d2 63. Rd1 Kd5 64. g5 Kd6 65. Kg6 Rg2 66.
Kf7 Rf2 67. g6 Ke5 68. Kg7 Rxf6 69. Rxd2 Rf1 70. Rd7 Ke6 71. Rf7 Rg1 72. Rf2
Ra1 73. Kg8 Ra7 74. g7 Ra1 75. Rf8 Rg1 76. Rf4 Ke7 77. Rf2 Ra1 78. Rf7+ 1-0

[Event "2BLW 1718 SV Koblenz - SC Hansa Dortmun"]
[Site "?"]
[Date "2017.11.12"]
[Round "3.5"]
[White "Kotter, Ralf"]
[Black "Wolf, Volker"]
[Result "1-0"]
[WhiteElo "2376"]
[BlackElo "2325"]
[PlyCount "119"]
[EventDate "2017.??.??"]

1. e4 Nf6 2. e5 Nd5 3. d4 d6 4. Nf3 Nb6 5. exd6 exd6 6. Bd3 Bg4 7. O-O Be7 8.
h3 Bh5 9. Nbd2 O-O 10. Ne4 Nc6 11. c3 Bg6 12. Re1 Qd7 13. a4 a5 14. Bb5 Qd8 15.
Ng3 Bf6 16. Nh2 Na7 17. Bf1 Re8 18. Bd2 Rxe1 19. Bxe1 Nac8 20. Ng4 Bh4 21. Ne2
Nd5 22. g3 Bg5 23. Bg2 Ncb6 24. c4 Nb4 25. Bxb4 axb4 26. b3 h5 27. Nh2 Rb8 28.
Nf3 Bh6 29. d5 Nd7 30. Ned4 Nc5 31. Nh4 Qf6 32. Nxg6 Qxg6 33. Qe1 Qf6 34. Rd1
Na6 35. Nb5 Kf8 36. Qe2 g6 37. Re1 h4 38. Qg4 hxg3 39. fxg3 Qg5 40. Qf3 Re8 41.
Rxe8+ Kxe8 42. Kh2 Qd8 43. h4 Kf8 44. Nd4 Kg8 45. h5 gxh5 46. Qxh5 Be3 47. Qg4+
Kf8 48. Nf5 Qg5 49. Qh3 Kg8 50. Nh4 Nc5 51. Qc8+ Kg7 52. Bh3 Ne4 53. Nf5+ Kh7
54. Qe8 Bg1+ 55. Kxg1 Qc1+ 56. Bf1 Ng5 57. Qe3 Qxe3+ 58. Nxe3 Nf3+ 59. Kf2 Nd2
60. Bd3+ 1-0

[Event "2BLW 1718 SV Koblenz - SC Hansa Dortmun"]
[Site "?"]
[Date "2017.11.12"]
[Round "3.6"]
[White "Stahnecker, Ludwig"]
[Black "Dr. Kalka, Arkadius Georg"]
[Result "1/2-1/2"]
[WhiteElo "2153"]
[BlackElo "2329"]
[PlyCount "92"]
[EventDate "2017.??.??"]

1. e4 c5 2. Nf3 d6 3. d4 cxd4 4. Nxd4 Nf6 5. Nc3 g6 6. Bc4 Bg7 7. Be3 O-O 8. f3
Nc6 9. Qd2 Nd7 10. Bb3 Nb6 11. Nd5 e6 12. Nxb6 axb6 13. O-O-O d5 14. Nxc6 bxc6
15. Bh6 Bxh6 16. Qxh6 Qc7 17. exd5 exd5 18. Rd4 Be6 19. Re1 Rfe8 20. Rh4 f6 21.
Ra4 Rad8 22. Qh4 Bf7 23. Rxe8+ Rxe8 24. c3 c5 25. Qxf6 c4 26. Bd1 b5 27. Ra6
Qxh2 28. Ra7 Rf8 29. g4 b4 30. cxb4 Qb8 31. Qd4 Qxb4 32. f4 Qd6 33. f5 Re8 34.
fxg6 hxg6 35. Bf3 Qe5 36. Qxe5 Rxe5 37. Kd2 d4 38. Rd7 Re3 39. Be2 Re4 40. Bd1
Be6 41. Rc7 Rf4 42. a4 Rf2+ 43. Kc1 Rf1 44. Kd2 Rf2+ 45. Kc1 Rf1 46. Kd2 Rf2+
1/2-1/2

[Event "2BLW 1718 SV Koblenz - SC Hansa Dortmun"]
[Site "?"]
[Date "2017.11.12"]
[Round "3.7"]
[White "Babar, Michael"]
[Black "Stewart, Neil"]
[Result "0-1"]
[WhiteElo "2130"]
[BlackElo "2194"]
[PlyCount "70"]
[EventDate "2017.??.??"]

1. c4 c5 2. Nc3 e6 3. g3 d5 4. cxd5 exd5 5. d4 cxd4 6. Qxd4 Nf6 7. e3 Nc6 8.
Qd1 Bc5 9. Nf3 O-O 10. Be2 Bh3 11. Bf1 Bg4 12. Be2 Bh3 13. Nb5 Bg2 14. Rg1 Bxf3
15. Bxf3 Qa5+ 16. Nc3 d4 17. exd4 Bxd4 18. Kf1 Rad8 19. Qb3 Qf5 20. Kg2 Ne5 21.
Nd1 Bb6 22. Bxb7 Rb8 23. Ne3 Bxe3 24. Bxe3 Qd7 25. Bc5 Rxb7 26. Qc3 Qd5+ 27. f3
Rfb8 28. b4 Ned7 29. Rgd1 Qe6 30. Re1 Qc6 31. Rad1 Nxc5 32. bxc5 Rc8 33. Rd2 h6
34. Red1 Rd7 35. Rxd7 Nxd7 0-1

[Event "2BLW 1718 SV Koblenz - SC Hansa Dortmun"]
[Site "?"]
[Date "2017.11.12"]
[Round "3.8"]
[White "Bohn, Thomas"]
[Black "Prueske, Wolfgang"]
[Result "1/2-1/2"]
[WhiteElo "2341"]
[BlackElo "2046"]
[PlyCount "141"]
[EventDate "2017.??.??"]

1. f4 Nf6 2. Nf3 g6 3. d3 d5 4. e3 Bg7 5. Be2 O-O 6. O-O c5 7. a4 Nc6 8. Qe1
Re8 9. Qg3 e5 10. fxe5 Nxe5 11. Nxe5 Rxe5 12. Nc3 Qe7 13. Bf3 Bd7 14. e4 dxe4
15. dxe4 Nh5 16. Bxh5 Rxh5 17. Bf4 Bc6 18. Rfe1 Bd4+ 19. Kh1 Qh4 20. Qxh4 Rxh4
21. Bg3 Rh5 22. Nd5 Bxd5 23. exd5 Rxd5 24. Re7 Rad8 25. Rf1 Bxb2 26. Rxb7 Rd1
27. Kg1 Bd4+ 28. Bf2 Bxf2+ 29. Kxf2 Rxf1+ 30. Kxf1 Rd2 31. c4 Rc2 32. Rxa7 Rxc4
33. Ke2 Rc2+ 34. Kf3 c4 35. Rc7 c3 36. a5 Ra2 37. Rxc3 Rxa5 38. h4 Kg7 39. Rc6
Ra3+ 40. Kf2 Rb3 41. g3 Rd3 42. Ra6 h6 43. Rb6 Kf8 44. h5 Kg7 45. hxg6 fxg6 46.
Kg2 h5 47. Ra6 Rd7 48. Rb6 Rf7 49. Ra6 g5 50. Rb6 Rf6 51. Rb5 Kg6 52. Ra5 Re6
53. Rb5 Rf6 54. Ra5 g4 55. Rb5 Rf5 56. Rb6+ Kg5 57. Ra6 Rb5 58. Ra8 Kf5 59.
Rf8+ Ke4 60. Re8+ Re5 61. Ra8 Ke3 62. Ra3+ Ke4 63. Ra4+ Kf5 64. Rf4+ Kg5 65.
Rf2 h4 66. gxh4+ Kxh4 67. Ra2 Re3 68. Rb2 Rg3+ 69. Kh2 Re3 70. Kg2 Rg3+ 71. Kh2
1/2-1/2

[Event "2BLW 1718 SG KÃ¶ln Porz - TSV Schott Ma"]
[Site "?"]
[Date "2017.11.12"]
[Round "3.1"]
[White "Lobron, Eric"]
[Black "Lutz, Christopher"]
[Result "0-1"]
[WhiteElo "2500"]
[BlackElo "2531"]
[PlyCount "66"]
[EventDate "2017.??.??"]

1. c4 Nf6 2. Nc3 c5 3. Nf3 e6 4. g3 b6 5. Bg2 Bb7 6. O-O Be7 7. Re1 d5 8. cxd5
exd5 9. d4 O-O 10. b3 Nbd7 11. Bb2 Ne4 12. Rc1 Ndf6 13. dxc5 Nxf2 14. Kxf2 Ng4+
15. Kg1 Bxc5+ 16. e3 Nxe3 17. Rxe3 Bxe3+ 18. Kh1 d4 19. Ne2 d3 20. Ned4 Bxf3
21. Nxf3 Bxc1 22. Bxc1 Rc8 23. Bf4 Re8 24. Bf1 Rc2 25. a4 Rce2 26. Kg1 Qd5 27.
Bxe2 Qc5+ 28. Kh1 dxe2 29. Qe1 Qd5 30. Kg2 Qxb3 31. a5 bxa5 32. Bd2 a4 33. Qc1
Qd1 0-1

[Event "2BLW 1718 SG KÃ¶ln Porz - TSV Schott Ma"]
[Site "?"]
[Date "2017.11.12"]
[Round "3.2"]
[White "Rotstein, Arkadij"]
[Black "Dann, Matthias"]
[Result "1/2-1/2"]
[WhiteElo "2502"]
[BlackElo "2506"]
[PlyCount "77"]
[EventDate "2017.??.??"]

1. d4 Nf6 2. Nf3 g6 3. Bf4 Bg7 4. Nc3 d5 5. Nb5 Na6 6. e3 c6 7. Nc3 Nb8 8. Be2
O-O 9. h3 c5 10. O-O cxd4 11. exd4 Bf5 12. Ne5 Nbd7 13. Bf3 Nb6 14. a4 Rc8 15.
Re1 Nc4 16. Nxc4 Rxc4 17. Be5 Qd7 18. Qe2 Rfc8 19. Bxf6 Bxf6 20. Nxd5 Rxc2 21.
Qb5 Bxd4 22. Nxe7+ Kf8 23. Nxc8 Bxf2+ 24. Kh2 Bxe1 25. Qe5 Qxc8 26. Qh8+ Ke7
27. Rxe1+ Be6 28. Qxh7 Qc7+ 29. Kh1 Qg3 30. Rd1 Rxb2 31. Qh8 Rd2 32. Rb1 b6 33.
a5 Rd3 34. axb6 axb6 35. Rxb6 Rxf3 36. Rb7+ Bd7 37. Rxd7+ Kxd7 38. Qd4+ Ke6 39.
Qe4+ 1/2-1/2

[Event "2BLW 1718 SG KÃ¶ln Porz - TSV Schott Ma"]
[Site "?"]
[Date "2017.11.12"]
[Round "3.3"]
[White "Cicak, Slavko"]
[Black "Xu, Xianliang"]
[Result "1/2-1/2"]
[WhiteElo "2512"]
[BlackElo "2397"]
[PlyCount "58"]
[EventDate "2017.??.??"]

1. c4 e5 2. Nc3 Nf6 3. Nf3 Nc6 4. a3 d5 5. cxd5 Nxd5 6. Qc2 Be7 7. e3 Be6 8.
Bb5 Nxc3 9. Qxc3 f6 10. Bxc6+ bxc6 11. Qxc6+ Bd7 12. Qc4 c5 13. d3 Rb8 14. a4
Qb6 15. O-O Be6 16. Qc3 O-O 17. e4 Rfd8 18. Be3 Qxb2 19. Rfc1 Qxc3 20. Rxc3 Rb3
21. Rxb3 Bxb3 22. Ne1 a6 23. f3 Kf7 24. Kf2 Rc8 25. a5 Rb8 26. Rb1 Rb4 27. Bd2
Rb5 28. Nc2 c4 29. dxc4 Bxc4 {(=)} 1/2-1/2

[Event "2BLW 1718 SG KÃ¶ln Porz - TSV Schott Ma"]
[Site "?"]
[Date "2017.11.12"]
[Round "3.4"]
[White "Malykin, Vitaly"]
[Black "Balcerak, Jakob"]
[Result "0-1"]
[WhiteElo "2384"]
[BlackElo "2455"]
[PlyCount "76"]
[EventDate "2017.??.??"]

1. Nf3 d5 2. d4 Nf6 3. c4 e6 4. Nc3 dxc4 5. e4 Bb4 6. Qc2 c5 7. dxc5 Qa5 8. Bd2
Nbd7 9. Bxc4 Qxc5 10. Be2 b6 11. a3 Bxc3 12. Bxc3 Bb7 13. Nd2 O-O 14. O-O Rfd8
15. Rac1 Qg5 16. b4 Rac8 17. Kh1 Qh4 18. f3 Nh5 19. Rfe1 Ng3+ 20. Kg1 Nxe2+ 21.
Rxe2 Ba6 22. Rf2 Ne5 23. Bxe5 Rxc2 24. Rxc2 f6 25. g3 Qh3 26. Bb2 Bb5 27. Rc1
e5 28. Nf1 Bxf1 29. Rcxf1 Qe6 30. Kg2 h5 31. Re1 Qb3 32. Ree2 Rd1 33. Rd2 Rxd2
34. Rxd2 Kf7 35. h3 g5 36. g4 Qe3 37. Rc2 h4 38. Bc1 Qe1 0-1

[Event "2BLW 1718 SG KÃ¶ln Porz - TSV Schott Ma"]
[Site "?"]
[Date "2017.11.12"]
[Round "3.5"]
[White "Bewersdorff, Oliver"]
[Black "Wagenknecht, Uwe"]
[Result "1-0"]
[WhiteElo "2299"]
[BlackElo "2248"]
[PlyCount "101"]
[EventDate "2017.??.??"]

1. Nf3 Nf6 2. c4 g6 3. g3 Bg7 4. Bg2 O-O 5. O-O d6 6. d4 c6 7. Nc3 Qa5 8. e4
Bg4 9. h3 Bxf3 10. Bxf3 Nfd7 11. a3 c5 12. dxc5 Bxc3 13. bxc3 Nxc5 14. Bh6 Re8
15. Qd4 Ne6 16. Qd2 Nc6 17. Rab1 Qc7 18. Be2 Ne5 19. f4 Nxc4 20. Qa2 Rac8 21.
Kh2 Nd8 22. Rb4 Nb6 23. Rf3 e6 24. f5 Nc6 25. fxg6 hxg6 26. Bg5 Ne5 27. Re3 Kg7
28. Bf4 Nbc4 29. Bxc4 Nxc4 30. Re2 b6 31. Rb1 e5 32. Bc1 f6 33. Rf2 Qf7 34. Bg5
f5 35. Rbf1 Rf8 36. exf5 gxf5 37. Rxf5 Qxf5 38. Rxf5 Rxf5 39. h4 d5 40. Qe2
Rcf8 41. Qg4 Rf2+ 42. Kh3 R8f5 43. Be3+ Kf6 44. Bxf2 Rxf2 45. Qg8 Rd2 46. Qg5+
Ke6 47. h5 e4 48. h6 e3 49. h7 e2 50. h8=Q e1=Q 51. Qe8+ 1-0

[Event "2BLW 1718 SG KÃ¶ln Porz - TSV Schott Ma"]
[Site "?"]
[Date "2017.11.12"]
[Round "3.6"]
[White "Fieberg, Samuel"]
[Black "Lisanti, Andre"]
[Result "1/2-1/2"]
[WhiteElo "2249"]
[BlackElo "2239"]
[PlyCount "177"]
[EventDate "2017.??.??"]

1. e4 c5 2. Nf3 d6 3. d4 cxd4 4. Nxd4 Nf6 5. Nc3 a6 6. g3 Bg4 7. f3 e5 8. fxg4
exd4 9. Qxd4 Nxg4 10. Bf4 Nc6 11. Qd2 Be7 12. Be2 Nge5 13. O-O O-O 14. Nd5 Re8
15. a4 Bf8 16. Bg5 Ne7 17. Rad1 Rc8 18. c3 Rc6 19. Nb4 Rc7 20. Qc2 Qb8 21. Qb3
Qa7+ 22. Kh1 Qb6 23. Qa2 Qa5 24. Bxe7 Rcxe7 25. Rxd6 Qc7 26. Rdd1 Re6 27. Nd5
Qc6 28. b4 Rh6 29. Kg1 Ree6 30. a5 Qc8 31. Rf2 Rd6 32. Qd2 Qe6 33. Qf4 Be7 34.
Qf5 Bd8 35. c4 Qe8 36. c5 Rde6 37. Qf4 Nc6 38. Bd3 Re5 39. Rdf1 f6 40. Bc4 Kh8
41. Bd3 Nd4 42. Qd2 Ne6 43. Rf5 Rh5 44. Rxe5 Rxe5 45. Rf5 Ng5 46. Rxe5 Qxe5 47.
Qc3 Qe6 48. Nf4 Qa2 49. Bc2 Bc7 50. c6 b5 51. Nd5 Ne6 52. Kg2 Be5 53. c7 Nxc7
54. Qc6 Qc4 55. Qxc4 bxc4 56. Nb6 c3 57. Nd5 Nb5 58. Bd3 Na3 59. Ne3 Bd6 60.
Nc2 Nxc2 61. Bxc2 Bxb4 62. Kf3 Bxa5 63. Ke3 Bb4 64. Kd4 h5 65. e5 fxe5+ 66.
Kxe5 Kg8 67. Ke6 Kf8 68. h3 Be7 69. g4 h4 70. Kf5 g5 71. Ke6 Ke8 72. Ba4+ Kd8
73. Bc2 Ba3 74. Kf6 Bc1 75. Ke5 Kc7 76. Kd4 Bd2 77. Kc5 Be1 78. Bd1 Bg3 79. Bc2
Bd6+ 80. Kd5 Bf8 81. Bb3 Kb6 82. Kc4 Bg7 83. Ba4 Bh8 84. Kb4 Be5 85. Kc4 Bg3
86. Kxc3 Kc5 87. Bb3 Be1+ 88. Kd3 Kb4 89. Bf7 1/2-1/2

[Event "2BLW 1718 SG KÃ¶ln Porz - TSV Schott Ma"]
[Site "?"]
[Date "2017.11.12"]
[Round "3.7"]
[White "Kienast, Joerg"]
[Black "Gallinnis, Norbert"]
[Result "0-1"]
[WhiteElo "2223"]
[BlackElo "2186"]
[PlyCount "82"]
[EventDate "2017.??.??"]

1. e4 e5 2. Nf3 d6 3. d4 f6 4. Bc4 Qe7 5. O-O Be6 6. Qd3 Nd7 7. a4 g5 8. Na3
Bxc4 9. Nxc4 Qf7 10. Rd1 h6 11. Be3 Be7 12. Na5 Rb8 13. Ra3 d5 14. dxe5 Bxa3
15. exd5 fxe5 16. Qxa3 Ngf6 17. c4 Qe7 18. Qc3 Ne4 19. Qc2 Qh7 20. b4 g4 21.
Nd2 Nxd2 22. Qxd2 a6 23. c5 Nf6 24. d6 c6 25. Nc4 Nd7 26. Re1 Kf8 27. Qc3 Re8
28. Na5 Nf6 29. Bc1 Nd5 30. Qg3 Qd7 31. Re4 h5 32. Nc4 Qf5 33. f3 gxf3 34. Qxf3
Qxf3 35. gxf3 Nf6 36. Rxe5 Kf7 37. Bb2 Rhg8+ 38. Kf2 Rxe5 39. Bxe5 Ke6 40. Bf4
Nd5 41. Bg3 Rg7 0-1

[Event "2BLW 1718 SG KÃ¶ln Porz - TSV Schott Ma"]
[Site "?"]
[Date "2017.11.12"]
[Round "3.8"]
[White "Sabirov, Ramil"]
[Black "Mueller, Marco"]
[Result "0-1"]
[WhiteElo "2061"]
[BlackElo "2215"]
[PlyCount "74"]
[EventDate "2017.??.??"]

1. Nf3 d6 2. e4 Nf6 3. Nc3 g6 4. d4 Bg7 5. h3 O-O 6. Be3 c6 7. a4 Qc7 8. Bc4
Nxe4 9. Nxe4 d5 10. Bd3 dxe4 11. Bxe4 Nd7 12. O-O e5 13. dxe5 Nxe5 14. c3 Rd8
15. Qe2 Be6 16. Nxe5 Bxe5 17. Rfd1 Rxd1+ 18. Rxd1 Bb3 19. Bc2 Bd5 20. Bd4 Re8
21. Bxe5 Rxe5 22. Qd3 Qe7 23. c4 Re1+ 24. Rxe1 Qxe1+ 25. Kh2 Qe5+ 26. g3 Be6
27. b3 Kg7 28. Bd1 Bf5 29. Qd2 c5 30. Bc2 Qb2 31. Qd6 Bxc2 32. Qxc5 Bxb3 33. a5
a6 34. Qb6 Qc3 35. Qxb7 Bxc4 36. Qb6 Bd5 37. Qxa6 Qa1 0-1

[Event "2BLW 1718 DÃ¼sseldorfer SK - DJK Aachen"]
[Site "?"]
[Date "2017.11.12"]
[Round "3.1"]
[White "Pruijssers, Roeland"]
[Black "Timman, Jan Hendrik"]
[Result "1-0"]
[WhiteElo "2512"]
[BlackElo "2575"]
[PlyCount "75"]
[EventDate "2017.??.??"]

1. e4 e5 2. Nf3 Nc6 3. Bc4 Nf6 4. d3 h6 5. O-O d6 6. c3 g6 7. d4 Qe7 8. Re1 Bg7
9. h3 O-O 10. Nbd2 a6 11. Nf1 b5 12. Bd3 Bb7 13. Ng3 Na7 14. a4 c5 15. d5 c4
16. Bc2 Nd7 17. Be3 Nc5 18. axb5 axb5 19. Qd2 Kh7 20. h4 Nc8 21. Rxa8 Bxa8 22.
h5 Nb6 23. Nh2 Qh4 24. Nf3 Qe7 25. Nh2 Qh4 26. Bxc5 dxc5 27. Ra1 Rb8 28. Ra7
Bb7 29. Ra5 b4 30. cxb4 Qf4 31. Qe1 cxb4 32. Qxb4 Qc1+ 33. Nhf1 Nd7 34. Qe7
Qxc2 35. Qxd7 gxh5 36. Rb5 Bc8 37. Qxf7 Rxb5 38. Qxh5 1-0

[Event "2BLW 1718 DÃ¼sseldorfer SK - DJK Aachen"]
[Site "?"]
[Date "2017.11.12"]
[Round "3.2"]
[White "Berelowitsch, Alexander"]
[Black "Dambacher, Martijn"]
[Result "1/2-1/2"]
[WhiteElo "2522"]
[BlackElo "2476"]
[PlyCount "145"]
[EventDate "2017.??.??"]

1. e4 c5 2. Nf3 d6 3. d4 cxd4 4. Nxd4 Nf6 5. Nc3 a6 6. g3 e5 7. Nde2 Be7 8. Bg2
Nbd7 9. a4 b6 10. Nd5 Bb7 11. Nec3 O-O 12. O-O Rc8 13. Be3 Nxd5 14. Nxd5 Bxd5
15. Qxd5 Rxc2 16. Qd3 Qc7 17. b4 Qc4 18. Qxc4 Rxc4 19. Rfc1 Rfc8 20. Bf1 Rxc1
21. Bxc1 a5 22. Bh3 Rc7 23. Be3 d5 24. exd5 Bxb4 25. d6 Ra7 26. f4 exf4 27.
Bxf4 f6 28. Rd1 Kf7 29. Kf2 g6 30. Bf1 Bc5+ 31. Kg2 g5 32. Bc4+ Kf8 33. Bc1 Ra8
34. Bb2 Rd8 35. Bb5 Kf7 36. Bc4+ Kf8 37. Bb5 Kf7 38. Kf3 Ne5+ 39. Bxe5 fxe5 40.
d7 Ke7 41. Ke4 Rf8 42. Kxe5 Kd8 43. Re1 Be7 44. Re2 h5 45. Kd5 Rf6 46. Re5 h4
47. gxh4 Rd6+ 48. Ke4 gxh4 49. Rh5 Kc7 50. h3 Re6+ 51. Kd5 Rd6+ 52. Ke5 Bf6+
53. Ke4 Rd4+ 54. Kf3 Bd8 55. Re5 Rd2 56. Re3 Rc2 57. Re6 Rc5 58. Ke4 Rc3 59.
Kf5 Rc5+ 60. Kg6 Rc3 61. Kf7 Rc5 62. Ke8 Rc3 63. Re4 Rc5 64. Bc4 Rh5 65. Bb5
Rh8+ 66. Kf7 Rh5 67. Re6 Rc5 68. Ke8 Rc3 69. Re2 Rc5 70. Re3 Rh5 71. Re6 Rc5
72. Be2 Rc3 73. Bb5 {(=)} 1/2-1/2

[Event "2BLW 1718 DÃ¼sseldorfer SK - DJK Aachen"]
[Site "?"]
[Date "2017.11.12"]
[Round "3.3"]
[White "Van Dooren, Dirk"]
[Black "Schuh, Dirk"]
[Result "1-0"]
[WhiteElo "2333"]
[BlackElo "2379"]
[PlyCount "81"]
[EventDate "2017.??.??"]

1. f4 d5 2. Nf3 g6 3. g3 Bg7 4. Bg2 Nf6 5. O-O O-O 6. d3 c5 7. c3 Nc6 8. Na3
Rb8 9. Nc2 Qd6 10. Ne5 Nd7 11. Nxc6 bxc6 12. e4 f5 13. e5 Qc7 14. c4 Rd8 15.
Qe1 Nf8 16. Bd2 Rxb2 17. Ba5 Qb7 18. Bxd8 Rxc2 19. Qb1 Rb2 20. Qc1 Ne6 21. Ba5
Nd4 22. Kh1 Be6 23. Rb1 Rxb1 24. Qxb1 Qa6 25. cxd5 cxd5 26. Bc3 Nb5 27. Bd2 Kf7
28. Qb2 Nc7 29. Rc1 c4 30. Be3 Nb5 31. dxc4 dxc4 32. Qb4 Nc7 33. Qc5 Nb5 34.
Rb1 Nc3 35. Rb7 Bf8 36. Rxa7 Qb5 37. Qxb5 Nxb5 38. Rb7 Nc3 39. a3 Bd5 40. Bxd5+
Nxd5 41. Bc1 1-0

[Event "2BLW 1718 DÃ¼sseldorfer SK - DJK Aachen"]
[Site "?"]
[Date "2017.11.12"]
[Round "3.4"]
[White "Stark, Lars"]
[Black "Buscher, Michael"]
[Result "1/2-1/2"]
[WhiteElo "2398"]
[BlackElo "2391"]
[PlyCount "24"]
[EventDate "2017.??.??"]

1. c4 e5 2. Nc3 Nc6 3. Nf3 g6 4. e3 f5 5. d4 e4 6. Ng1 Nf6 7. Nh3 d6 8. Nf4 Bh6
9. h4 Qe7 10. Be2 Nd8 11. Bd2 c6 12. Qc2 Ne6 {(=)} 1/2-1/2

[Event "2BLW 1718 DÃ¼sseldorfer SK - DJK Aachen"]
[Site "?"]
[Date "2017.11.12"]
[Round "3.5"]
[White "Roeder, Matthias"]
[Black "Coenen, Michael"]
[Result "1/2-1/2"]
[WhiteElo "2375"]
[BlackElo "2375"]
[PlyCount "29"]
[EventDate "2017.??.??"]

1. Nf3 d5 2. g3 Nf6 3. Bg2 e6 4. O-O Be7 5. c4 O-O 6. d4 dxc4 7. Qa4 a6 8. Qxc4
b5 9. Qc2 Bb7 10. Bg5 Nbd7 11. Bxf6 Nxf6 12. Nbd2 Rc8 13. Nb3 Be4 14. Qc3 Bd6
15. Rfd1 {(=)} 1/2-1/2

[Event "2BLW 1718 DÃ¼sseldorfer SK - DJK Aachen"]
[Site "?"]
[Date "2017.11.12"]
[Round "3.6"]
[White "Miedema, David"]
[Black "Skulener, Wladimir"]
[Result "1-0"]
[WhiteElo "2364"]
[BlackElo "2390"]
[PlyCount "63"]
[EventDate "2017.??.??"]

1. d4 d5 2. c4 c6 3. Nc3 Nf6 4. e3 a6 5. Nf3 b5 6. b3 Bg4 7. Be2 e6 8. O-O Nbd7
9. Bb2 Be7 10. h3 Bh5 11. Ne5 Bxe2 12. Nxe2 Nxe5 13. dxe5 Nd7 14. Nf4 dxc4 15.
Qg4 g6 16. Rfd1 Qc8 17. h4 h5 18. Qg3 Rh6 19. bxc4 Nb6 20. c5 Bxc5 21. Bd4 Bxd4
22. Rxd4 Ra7 23. Rad1 Rd7 24. Qg5 Rh7 25. Rxd7 Nxd7 26. Nxe6 fxe6 27. Qxg6+ Rf7
28. Qxe6+ Re7 29. Qg6+ Kd8 30. e6 Kc7 31. Qg3+ Kd8 32. Qg5 1-0

[Event "2BLW 1718 DÃ¼sseldorfer SK - DJK Aachen"]
[Site "?"]
[Date "2017.11.12"]
[Round "3.7"]
[White "Lenaerts, Lennert"]
[Black "Harff, Marcel"]
[Result "1-0"]
[WhiteElo "2302"]
[BlackElo "2381"]
[PlyCount "135"]
[EventDate "2017.??.??"]

1. d4 e6 2. c4 Nf6 3. Nc3 Bb4 4. Qc2 Nc6 5. Nf3 d5 6. e3 O-O 7. Bd2 Re8 8. Be2
e5 9. dxe5 Nxe5 10. cxd5 a5 11. Rd1 Bg4 12. a3 Bd6 13. Nd4 Bxe2 14. Ndxe2 Qd7
15. Ng3 b5 16. e4 h5 17. O-O b4 18. axb4 axb4 19. Nce2 b3 20. Qxb3 h4 21. Nf5
Nxe4 22. Nxd6 cxd6 23. Nd4 Rab8 24. Qc2 Nf6 25. Qf5 Nxd5 26. Qxd7 Nxd7 27. Nf5
Re6 28. Bc1 N7f6 29. Nxh4 Nb4 30. Nf5 d5 31. Bg5 Ne4 32. Bf4 Rb7 33. Nd4 Ra6
34. Be3 Ra2 35. b3 Nc5 36. Ra1 Rxa1 37. Rxa1 Ne6 38. Rb1 Na2 39. Kf1 Nc3 40.
Rc1 Ne4 41. Rc8+ Kh7 42. Nxe6 fxe6 43. Re8 Rxb3 44. Rxe6 Nf6 45. Bd4 Kg6 46.
Rd6 Rd3 47. Bxf6 gxf6 48. h4 Kf5 49. Ke2 Rd4 50. g3 Ke5 51. Rd8 Ra4 52. h5 Ra7
53. Rh8 d4 54. h6 Kf5 55. Kd3 Rd7 56. Rg8 Rh7 57. g4+ Ke6 58. Rg6 Rh8 59. f4
Kf7 60. f5 Rd8 61. h7 Rh8 62. Rh6 Kg7 63. Rh1 Kf7 64. Kxd4 Kg7 65. Kd5 Rd8+ 66.
Ke6 Re8+ 67. Kd7 Rh8 68. Ke7 1-0

[Event "2BLW 1718 DÃ¼sseldorfer SK - DJK Aachen"]
[Site "?"]
[Date "2017.11.12"]
[Round "3.8"]
[White "Hainke, Guntram"]
[Black "Marcziter, Dmitrii"]
[Result "1-0"]
[WhiteElo "2277"]
[BlackElo "2311"]
[PlyCount "105"]
[EventDate "2017.??.??"]

1. d4 Nf6 2. c4 g6 3. Nc3 Bg7 4. e4 d6 5. Be2 O-O 6. Nf3 Na6 7. O-O c5 8. d5 e6
9. h3 exd5 10. exd5 Re8 11. Bd3 Nc7 12. a4 Nh5 13. g4 Nf6 14. Bg5 Qd7 15. Nd2
h5 16. f3 Nh7 17. Bf4 f5 18. gxf5 gxf5 19. Kh2 Qe7 20. Rg1 Kh8 21. Qf1 Bd7 22.
Re1 Qf6 23. Qf2 Rxe1 24. Rxe1 Re8 25. Nf1 Ng5 26. Rxe8+ Nxe8 27. Qe3 Nf7 28.
Ng3 Ne5 29. Nxh5 Qh4 30. Nxg7 Nxd3 31. Bg5 Qd4 32. Nxe8 Qxe3 33. Bxe3 Bxe8 34.
b3 Kg7 35. Bg5 Kf7 36. Kg3 a6 37. h4 Kf8 38. a5 Bh5 39. Ne2 Ne5 40. Bf4 Ke7 41.
Bxe5 dxe5 42. Nc3 Kd6 43. Kf2 Bg6 44. Ke3 Bh5 45. f4 e4 46. Ne2 Ke7 47. Ng3 Bg6
48. h5 Bh7 49. h6 Bg6 50. Nh5 Kf7 51. Ng7 Kg8 52. Ne6 Kh7 53. Nxc5 1-0

[Event "2BLW 1718 SG Bochum 31 - SG Solingen"]
[Site "?"]
[Date "2017.11.12"]
[Round "3.1"]
[White "Andersen, Mads"]
[Black "Fridman, Rafael"]
[Result "1-0"]
[WhiteElo "2589"]
[BlackElo "2463"]
[PlyCount "105"]
[EventDate "2017.??.??"]

1. d4 d6 2. e4 Nf6 3. Nc3 e5 4. Nf3 exd4 5. Nxd4 Be7 6. Bf4 O-O 7. Qd2 Nc6 8.
O-O-O Nxd4 9. Qxd4 Be6 10. f3 Nd7 11. Qd2 Nb6 12. Kb1 Qd7 13. g4 Rfd8 14. Nd5
Bxd5 15. exd5 c6 16. dxc6 bxc6 17. Qa5 d5 18. Bd3 Bd6 19. Bg5 Rdb8 20. Ka1 Qb7
21. Bc1 Qc7 22. Qd2 Na4 23. c3 Nc5 24. h4 a5 25. Qc2 Nxd3 26. Rxd3 a4 27. h5 a3
28. b3 Bf4 29. Re1 h6 30. Kb1 Re8 31. Rxe8+ Rxe8 32. Bxa3 Qa7 33. Bc1 Bxc1 34.
Kxc1 Re1+ 35. Kb2 Rf1 36. c4 Rf2 37. Rd2 Rxd2 38. Qxd2 dxc4 39. bxc4 Qa4 40.
Qd8+ Kh7 41. Qd3+ Kg8 42. a3 Qa5 43. Qe3 Kf8 44. Kb3 c5 45. Qe5 Qb6+ 46. Ka2
Qa5 47. Qb8+ Ke7 48. Kb3 Ke6 49. a4 f6 50. Qb5 Qa8 51. Qxc5 Qxf3+ 52. Kb4 Qf1
53. Qf5+ 1-0